<?xml version="1.0" encoding="UTF-8"?>
<record
    xmlns:xsi="http://www.w3.org/2001/XMLSchema-instance"
    xsi:schemaLocation="http://www.loc.gov/MARC21/slim http://www.loc.gov/standards/marcxml/schema/MARC21slim.xsd"
    xmlns="http://www.loc.gov/MARC21/slim">

  <leader>02821cam a2200373 i 4500</leader>
  <controlfield tag="003">SA-RiAUC</controlfield>
  <controlfield tag="005">20241202135508.0</controlfield>
  <controlfield tag="008">241123s1993    su     g b    00010 ara c</controlfield>
  <datafield tag="020" ind1=" " ind2=" ">
    <subfield code="a">9960748022</subfield>
  </datafield>
  <datafield tag="024" ind1="0" ind2=" ">
    <subfield code="a">00000000984272</subfield>
  </datafield>
  <datafield tag="040" ind1=" " ind2=" ">
    <subfield code="a">SA-RiIMS</subfield>
    <subfield code="b">ara</subfield>
    <subfield code="c">SA-RiAUC</subfield>
    <subfield code="d">AE-DuMBRL</subfield>
    <subfield code="e">rda</subfield>
  </datafield>
  <datafield tag="050" ind1=" " ind2="4">
    <subfield code="b">M88 1993</subfield>
  </datafield>
  <datafield tag="082" ind1="0" ind2="4">
    <subfield code="a">253.26</subfield>
  </datafield>
  <datafield tag="090" ind1=" " ind2=" ">
    <subfield code="a">253.26  </subfield>
    <subfield code="b"> &#x645; &#x637; &#x644;</subfield>
  </datafield>
  <datafield tag="100" ind1="1" ind2=" ">
    <subfield code="a">&#x627;&#x644;&#x645;&#x637;&#x644;&#x642;&#x60C; &#x639;&#x628;&#x62F; &#x627;&#x644;&#x644;&#x647; &#x645;&#x637;&#x644;&#x642; &#x639;&#x628;&#x62F; &#x627;&#x644;&#x644;&#x647;</subfield>
    <subfield code="e">&#x645;&#x624;&#x644;&#x641;.</subfield>
  </datafield>
  <datafield tag="245" ind1="1" ind2="0">
    <subfield code="a">&#x628;&#x64A;&#x639; &#x627;&#x644;&#x645;&#x632;&#x627;&#x62F; /</subfield>
    <subfield code="c">&#x627;&#x644;&#x62F;&#x643;&#x62A;&#x648;&#x631; &#x639;&#x628;&#x62F; &#x627;&#x644;&#x644;&#x647; &#x627;&#x644;&#x645;&#x637;&#x644;&#x642;.</subfield>
  </datafield>
  <datafield tag="250" ind1=" " ind2=" ">
    <subfield code="a">&#x627;&#x644;&#x637;&#x628;&#x639;&#x629; &#x627;&#x644;&#x623;&#x648;&#x644;&#x649;.</subfield>
  </datafield>
  <datafield tag="264" ind1=" " ind2="1">
    <subfield code="a">&#x627;&#x644;&#x631;&#x64A;&#x627;&#x636; :</subfield>
    <subfield code="b">&#x62F;&#x627;&#x631; &#x627;&#x644;&#x645;&#x633;&#x644;&#x645; &#x644;&#x644;&#x646;&#x634;&#x631; &#x648;&#x627;&#x644;&#x62A;&#x648;&#x632;&#x64A;&#x639;&#x60C;</subfield>
    <subfield code="c">1993.</subfield>
  </datafield>
  <datafield tag="264" ind1=" " ind2="3">
    <subfield code="a">&#x627;&#x644;&#x631;&#x64A;&#x627;&#x636; :</subfield>
    <subfield code="b">&#x645;&#x637;&#x628;&#x639;&#x629; &#x633;&#x641;&#x64A;&#x631;</subfield>
  </datafield>
  <datafield tag="300" ind1=" " ind2=" ">
    <subfield code="a">140 &#x635;&#x641;&#x62D;&#x629; &#x61B;</subfield>
    <subfield code="c">24 &#xD7; 17 &#x633;&#x645;.</subfield>
  </datafield>
  <datafield tag="336" ind1=" " ind2=" ">
    <subfield code="a">&#x646;&#x635;</subfield>
    <subfield code="b">txt</subfield>
    <subfield code="2">rdacontent</subfield>
    <subfield code="3">&#x643;&#x62A;&#x627;&#x628;</subfield>
  </datafield>
  <datafield tag="337" ind1=" " ind2=" ">
    <subfield code="a">&#x628;&#x62F;&#x648;&#x646; &#x648;&#x633;&#x64A;&#x637;</subfield>
    <subfield code="b">n</subfield>
    <subfield code="2">rdamedia</subfield>
  </datafield>
  <datafield tag="338" ind1=" " ind2=" ">
    <subfield code="a">&#x645;&#x62C;&#x644;&#x62F;</subfield>
    <subfield code="b">nc</subfield>
    <subfield code="2">rdacarrier</subfield>
  </datafield>
  <datafield tag="490" ind1="0" ind2=" ">
    <subfield code="a">&#x62F;&#x627;&#x631; &#x627;&#x644;&#x645;&#x633;&#x644;&#x645; &#x61B;</subfield>
    <subfield code="v">50</subfield>
  </datafield>
  <datafield tag="504" ind1=" " ind2=" ">
    <subfield code="a">&#x628;&#x628;&#x644;&#x64A;&#x648;&#x62C;&#x631;&#x627;&#x641;&#x64A;&#x629; : &#x635;&#x641;&#x62D;&#x629; 132-138.</subfield>
  </datafield>
  <datafield tag="520" ind1=" " ind2=" ">
    <subfield code="a">&#x64A;&#x62A;&#x646;&#x627;&#x648;&#x644; &#x643;&#x62A;&#x627;&#x628; (&#x628;&#x64A;&#x639; &#x627;&#x644;&#x645;&#x632;&#x627;&#x62F;) &#x648;&#x627;&#x644;&#x630;&#x64A; &#x642;&#x627;&#x645; &#x628;&#x62A;&#x623;&#x644;&#x64A;&#x641;&#x647; &#x62F;. &#x639;&#x628;&#x62F; &#x627;&#x644;&#x644;&#x647; &#x627;&#x644;&#x645;&#x637;&#x644;&#x642;&#x60C; &#x645;&#x648;&#x636;&#x648;&#x639; (&#x627;&#x644;&#x645;&#x632;&#x627;&#x62F;) &#x647;&#x630;&#x627; &#x643;&#x62A;&#x627;&#x628; &#x628;&#x62D;&#x62B; &#x64A;&#x644;&#x642;&#x64A; &#x627;&#x644;&#x636;&#x648;&#x621; &#x639;&#x644;&#x649; &#x623;&#x633;&#x648;&#x627;&#x642; &#x627;&#x644;&#x645;&#x632;&#x627;&#x62F; &#x644;&#x634;&#x647;&#x631;&#x629; &#x627;&#x644;&#x62A;&#x639;&#x627;&#x645;&#x644; &#x641;&#x64A;&#x647;&#x627;&#x60C; &#x648;&#x645;&#x633;&#x64A;&#x633; &#x62D;&#x627;&#x62C;&#x629; &#x627;&#x644;&#x646;&#x627;&#x633; &#x625;&#x644;&#x64A;&#x647;&#x627; &#x633;&#x64A;&#x645;&#x627; &#x648;&#x642;&#x62F; &#x638;&#x647;&#x631; &#x62C;&#x647;&#x644; &#x643;&#x62B;&#x64A;&#x631; &#x628;&#x627;&#x644;&#x623;&#x62D;&#x643;&#x627;&#x645; &#x627;&#x644;&#x641;&#x642;&#x647;&#x64A;&#x629; &#x628;&#x64A;&#x646; &#x627;&#x644;&#x645;&#x62A;&#x639;&#x627;&#x645;&#x644;&#x64A;&#x646; &#x641;&#x64A; &#x647;&#x630;&#x647; &#x627;&#x644;&#x623;&#x633;&#x648;&#x627;&#x642;&#x60C; &#x645;&#x645;&#x627; &#x62C;&#x639;&#x644;&#x647;&#x645; &#x64A;&#x642;&#x639;&#x648;&#x646; &#x641;&#x64A; &#x623;&#x62E;&#x637;&#x627;&#x621; &#x643;&#x628;&#x64A;&#x631;&#x629; &#x648;&#x62A;&#x646;&#x62A;&#x634;&#x631; &#x628;&#x64A;&#x646;&#x647;&#x645; &#x645;&#x646;&#x643;&#x631;&#x627;&#x62A; &#x643;&#x62B;&#x64A;&#x631;&#x629;&#x60C; &#x62D;&#x62A;&#x649; &#x623;&#x646; &#x628;&#x639;&#x636; &#x627;&#x644;&#x645;&#x62A;&#x639;&#x627;&#x645;&#x644;&#x64A;&#x646; &#x641;&#x64A; &#x647;&#x630;&#x647; &#x627;&#x644;&#x623;&#x633;&#x648;&#x627;&#x642; &#x623;&#x635;&#x628;&#x62D; &#x64A;&#x631;&#x649; &#x623;&#x646; &#x647;&#x630;&#x647; &#x627;&#x644;&#x645;&#x62E;&#x627;&#x644;&#x641;&#x627;&#x62A; &#x645;&#x646; &#x636;&#x631;&#x648;&#x631;&#x64A;&#x627;&#x62A; &#x627;&#x644;&#x639;&#x645;&#x644; &#x641;&#x64A; &#x633;&#x648;&#x642; &#x627;&#x644;&#x645;&#x632;&#x627;&#x62F;&#x60C; &#x648;&#x642;&#x62F; &#x62A;&#x646;&#x627;&#x648;&#x644; &#x627;&#x644;&#x628;&#x62D;&#x62B; &#x627;&#x644;&#x645;&#x648;&#x627;&#x636;&#x64A;&#x639; &#x627;&#x644;&#x62A;&#x627;&#x644;&#x64A;&#x629;: &#x62A;&#x639;&#x631;&#x64A;&#x641; &#x628;&#x64A;&#x639; &#x627;&#x644;&#x645;&#x632;&#x627;&#x62F; &#x648;&#x645;&#x634;&#x631;&#x648;&#x639;&#x64A;&#x62A;&#x647; &#x648;&#x623;&#x642;&#x633;&#x627;&#x645;&#x647; &#x648;&#x645;&#x642;&#x648;&#x645;&#x627;&#x62A;&#x647;&#x60C; &#x634;&#x631;&#x648;&#x637; &#x628;&#x64A;&#x639; &#x627;&#x644;&#x645;&#x632;&#x627;&#x62F; &#x648;&#x623;&#x642;&#x633;&#x627;&#x645;&#x647;&#x60C; &#x623;&#x62D;&#x643;&#x627;&#x645; &#x627;&#x644;&#x62F;&#x644;&#x627;&#x644; &#x641;&#x64A; &#x647;&#x630;&#x627; &#x627;&#x644;&#x628;&#x64A;&#x639;&#x60C; &#x623;&#x634;&#x647;&#x631; &#x627;&#x644;&#x645;&#x62E;&#x627;&#x644;&#x641;&#x627;&#x62A; &#x627;&#x644;&#x634;&#x631;&#x639;&#x64A;&#x629; &#x641;&#x64A; &#x623;&#x633;&#x648;&#x627;&#x642; &#x627;&#x644;&#x645;&#x632;&#x627;&#x62F; &#x648;&#x623;&#x62B;&#x631;&#x647;&#x627; &#x639;&#x644;&#x649; &#x627;&#x644;&#x639;&#x642;&#x62F; &#x648;&#x633;&#x628;&#x64A;&#x644; &#x627;&#x644;&#x642;&#x636;&#x627;&#x621; &#x639;&#x644;&#x64A;&#x647;&#x627;. &#x643;&#x645;&#x627; &#x62A;&#x645; &#x639;&#x631;&#x636; &#x645;&#x633;&#x627;&#x626;&#x644; &#x627;&#x644;&#x628;&#x62D;&#x62B; &#x627;&#x644;&#x641;&#x642;&#x647;&#x64A;&#x629; &#x645;&#x642;&#x627;&#x631;&#x646;&#x629; &#x628;&#x64A;&#x646; &#x627;&#x644;&#x645;&#x630;&#x627;&#x647;&#x628; &#x627;&#x644;&#x623;&#x631;&#x628;&#x639;&#x629; &#x627;&#x644;&#x645;&#x634;&#x647;&#x648;&#x631;&#x629;&#x60C; &#x645;&#x639;&#x62A;&#x645;&#x62F;&#x627; &#x641;&#x64A; &#x646;&#x633;&#x628;&#x629; &#x643;&#x644; &#x645;&#x630;&#x647;&#x628; &#x627;&#x644;&#x649; &#x645;&#x631;&#x627;&#x62C;&#x639;&#x647; &#x627;&#x644;&#x623;&#x633;&#x627;&#x633;&#x64A;&#x629;. </subfield>
  </datafield>
  <datafield tag="650" ind1=" " ind2="7">
    <subfield code="a">&#x627;&#x644;&#x645;&#x646;&#x627;&#x642;&#x635;&#x627;&#x62A; &#x648;&#x627;&#x644;&#x645;&#x632;&#x627;&#x64A;&#x62F;&#x627;&#x62A; (&#x641;&#x642;&#x647; &#x625;&#x633;&#x644;&#x627;&#x645;&#x64A;)</subfield>
    <subfield code="2">aucsh</subfield>
  </datafield>
  <datafield tag="650" ind1=" " ind2="7">
    <subfield code="a">&#x627;&#x644;&#x628;&#x64A;&#x639; (&#x641;&#x642;&#x647; &#x625;&#x633;&#x644;&#x627;&#x645;&#x64A;)</subfield>
    <subfield code="2">aucsh</subfield>
  </datafield>
  <datafield tag="650" ind1=" " ind2="7">
    <subfield code="a">&#x627;&#x644;&#x645;&#x639;&#x627;&#x645;&#x644;&#x627;&#x62A; (&#x641;&#x642;&#x647; &#x625;&#x633;&#x644;&#x627;&#x645;&#x64A;)</subfield>
    <subfield code="2">aucsh</subfield>
  </datafield>
  <datafield tag="856" ind1="4" ind2=" ">
    <subfield code="u">http://10.0.0.80:1108/01-01-2013/%D8%A8%D9%8A%D8%B9%20%D8%A7%D9%84%D9%85%D8%B2%D8%A7%D8%AF.pdf</subfield>
  </datafield>
  <datafield tag="942" ind1=" " ind2=" ">
    <subfield code="2">ddc</subfield>
    <subfield code="c">BOOK</subfield>
    <subfield code="n">0</subfield>
  </datafield>
  <datafield tag="949" ind1=" " ind2=" ">
    <subfield code="a">SA-JeALM</subfield>
    <subfield code="d">241123</subfield>
    <subfield code="u">mohamedma123</subfield>
    <subfield code="n">1</subfield>
  </datafield>
  <datafield tag="952" ind1=" " ind2=" ">
    <subfield code="0">0</subfield>
    <subfield code="1">0</subfield>
    <subfield code="2">ddc</subfield>
    <subfield code="4">0</subfield>
    <subfield code="7">0</subfield>
    <subfield code="a">WAHAB</subfield>
    <subfield code="b">WAHAB</subfield>
    <subfield code="d">2024-12-02</subfield>
    <subfield code="l">0</subfield>
    <subfield code="o">253.26  &#x645; &#x637; &#x644;</subfield>
    <subfield code="p">000004610</subfield>
    <subfield code="r">2024-12-02 13:55:41</subfield>
    <subfield code="w">2024-12-02</subfield>
    <subfield code="y">BOOK</subfield>
  </datafield>
  <datafield tag="999" ind1=" " ind2=" ">
    <subfield code="c">2943</subfield>
    <subfield code="d">2943</subfield>
  </datafield>
</record>
